000 01349nam a2200337 a 4500
001 ebr10683151
003 CaPaEBR
006 m u
007 cr cn|||||||||
008 110225s2011 nyua sb 001 0 eng d
010 _z 2011003586
020 _z9781612095363 (hardcover : alk. paper)
020 _z1612095364 (hardcover : alk. paper)
020 _z9781622570355 (e-book)
040 _aCaPaEBR
_cCaPaEBR
035 _a(OCoLC)836864115
050 1 4 _aTA485
_b.S94 2011eb
082 0 4 _a546/.3
_222
245 0 0 _aSuperalloys
_h[electronic resource] :
_bproduction, properties and applications /
_cJeremy E. Watson, editor.
260 _aNew York :
_bNova Science Publishers,
_cc2011.
300 _ax, 166 p. :
_bill.
490 1 _aMaterials science and technologies
504 _aIncludes bibliographical references and index.
533 _aElectronic reproduction.
_bPalo Alto, Calif. :
_cebrary,
_d2013.
_nAvailable via World Wide Web.
_nAccess may be limited to ebrary affiliated libraries.
650 0 _aHeat resistant alloys.
655 7 _aElectronic books.
_2local
700 1 _aWatson, Jeremy E.
710 2 _aebrary, Inc.
830 0 _aMaterials science and technologies series.
856 4 0 _uhttp://site.ebrary.com/lib/rucke/Doc?id=10683151
_zAn electronic book accessible through the World Wide Web; click to view
999 _c13928
_d13928